000 00437nam a2200181Ia 4500
001 18852
005 20260306171701.0
008 260306s9999||||xx |||||||||||||| ||und||
041 _aESP
082 _a658.5
_bV19
100 _aValdés Palacio, Armando
_eAUT
245 0 _aCasos de administración logística
260 _c2011
300 _a605 páginas :
_c24 cm.
650 _aGEN
654 _aCAN
942 _cLIB
_dJUS
_fJUS
_2ddc
_n
999 _c18852
_d18852